Bharat's insurance regulatory and development authority act with regulations / (Record no. 67985)

MARC details
000 -LEADER
fixed length control field 00458nam a22001337a 4500
005 - DATE AND TIME OF LATEST TRANSACTION
control field 20170828104929.0
020 ## - INTERNATIONAL STANDARD BOOK NUMBER
International Standard Book Number 8177330373
Terms of availability Rs.75.00 (pbk)
035 ## - SYSTEM CONTROL NUMBER
System control number B-055358
037 ## - SOURCE OF ACQUISITION
Stock number DPL
Source of stock number/acquisition ENG
245 ## - TITLE STATEMENT
Title Bharat's insurance regulatory and development authority act with regulations /
Statement of responsibility, etc edited by Ravi Puliani and Mahesh Puliani
260 ## - PUBLICATION, DISTRIBUTION, ETC. (IMPRINT)
Place of publication, distribution, etc New Delhi
Name of publisher, distributor, etc Bharat Law House
Date of publication, distribution, etc 2000
300 ## - PHYSICAL DESCRIPTION
Extent 163p.
Dimensions 20 cms.
942 ## - ADDED ENTRY ELEMENTS (KOHA)
Source of classification or shelving scheme Dewey Decimal Classification
Item type English Books
Classification part 346.540086
Call number suffix BHA
Holdings
Withdrawn status Lost status Not for loan Collection code Home library Current library Date acquired Cost, normal purchase price Full call number Barcode Cost, replacement price Koha item type
      Non-fiction Sarojini Nagar Sarojini Nagar 15/06/2012 75.00 346.540086 BHA B-055358 75.00 English Books

© Delhi Public Library
Hit Counter
free hit counter